ARRUPE JESUIT UNIVERSITY

CORONAVIRUS -STOP THE SPREAD - CLEAN,DISINFECT,COVER

Der Bravo; (Record no. 125439)

MARC details
000 -LEADER
fixed length control field 00546cam a22001937 4500
001 - CONTROL NUMBER
control field 6312577
003 - CONTROL NUMBER IDENTIFIER
control field ARRUPE
005 - DATE AND TIME OF LATEST TRANSACTION
control field 20161024150731.0
008 - FIXED-LENGTH DATA ELEMENTS--GENERAL INFORMATION
fixed length control field 910618q19401949gw 000 0 ger
010 ## - LIBRARY OF CONGRESS CONTROL NUMBER
LC control number ltf91069278
040 ## - CATALOGING SOURCE
Original cataloging agency DLC
Transcribing agency DLC
Modifying agency DLC
050 00 - LIBRARY OF CONGRESS CALL NUMBER
Classification number PS 1405.B7
300 ## - PHYSICAL DESCRIPTION
Dimensions 19cm.
100 1# - MAIN ENTRY--PERSONAL NAME
Personal name Cooper, James Fenimore,
Dates associated with a name 1789-1851.
9 (RLIN) 26541
245 04 - TITLE STATEMENT
Title Der Bravo;
Statement of responsibility, etc James Fenimore Cooper
260 ## - PUBLICATION, DISTRIBUTION, ETC. (IMPRINT)
Place of publication, distribution, etc Frankfurt a.M.,
Name of publisher, distributor, etc Atharva-Verlag
Date of publication, distribution, etc [194
300 ## - PHYSICAL DESCRIPTION
Extent 303 p.
906 ## - LOCAL DATA ELEMENT F, LDF (RLIN)
a 0
b cbc
c premunv
d u
e ncip
f 19
g y-gencatlg
942 ## - ADDED ENTRY ELEMENTS (KOHA)
Source of classification or shelving scheme Library of Congress Classification
Koha item type Monograph ( Printed materials)
Holdings
Withdrawn status Lost status Source of classification or shelving scheme Damaged status Not for loan Collection code Home library Current library Shelving location Date acquired Total Checkouts Full call number Barcode Date last seen Price effective from Koha item type
    Library of Congress Classification     Main Collection ARRUPE LIBRARY ARRUPE LIBRARY Main Collection 07/10/2016   PS1405.B7 46500010613 02/07/2019 07/10/2016 Monograph ( Printed materials)

 

Arrupe Library. PO Box MP320 Mt Pleasant, Harare, Zimbabwe
263 242 745411|librarian@aju.ac.zw